| 000 | 00476nam a2200181Ia 4500 | ||
|---|---|---|---|
| 003 | GCL | ||
| 008 | 140319s9999 xx 000 0 eng d | ||
| 040 |
_aGCL / _cGCL |
||
| 082 | 0 | 4 |
_a751.422434 _bP P |
| 100 | 1 | _aPECH, ARLETA | |
| 245 | 1 | 0 |
_aPAINTING FRESH FLORALS IN WATER COLOUR / _cPECH, ARLETA |
| 260 |
_a[S.N] : _bNORTH LIGHT BOOKS ، _c1998 |
||
| 300 | _a127 P | ||
| 650 | 0 | 4 | _aWATER COLOUR - PAINTING |
| 650 | 0 | 4 | _aARTS |
| 650 | 0 | 4 | _aFLOWER IN ART |
| 942 |
_2ddc _cBK |
||
| 999 |
_c16429 _d16429 |
||